[Event "27th CRO-chT 1B-Men 2018"]
[Site "Biograd"]
[Date "2018.09.22"]
[Round "8.9"]
[White "Zilka, Stepan"]
[Black "Ivekovic, Zvonimir"]
[Result "1-0"]
[WhiteElo "2521"]
[BlackElo "2424"]
[Annotator "TA"]
[PlyCount "105"]
[EventDate "2018.09.15"]
[EventType "team-tourn"]
[EventCountry "CRO"]
[SourceTitle "playchess.com"]
[Source "ChessBase"]
[SourceQuality "1"]

{[%evp 21,105,18,49,0,0,0,0,0,0,0,0,0,0,0,0,0,-2,-112,74,77,63,10,0,-98,-69,-96,0,0,0,0,53,0,83,71,128,110,170,170,182,221,218,203,187,210,210,210,202,172,531,110,255,237,473,427,451,464,264,180,207,183,178,155,170,182,176,169,502,495,681,599,1027,1011,940,934,29969,29967,29964,29953,29971,29971,29971,29978,29978,29979,29979,29978]} 1. e4 c5 2. Nf3 d6 3. d4 cxd4 4. Nxd4 Nf6 5. Nc3 a6 6. Be3 e5 7. Nb3 Be6 8. f3 Be7 9. Qd2 O-O 10. O-O-O a5 11. Qe1 {B90: Sicilian Najdorf: Unusual White 6th moves, 6 Be3 Ng4 and 6 Be3 e5} (11. a4 Nc6 12. g4 Nb4 13. g5 Nh5 14. Bb5 Rc8 15. Kb1 f5 16. gxf6 Nxf6 17. Rhg1 d5 18. Bh6 Rf7 19. Qg5 Ng4 20. Qh5 Nxh6 21. Qxh6 {1-0 (41) Yu,Y (2759)-Gao,R (2561) Tianjin 2018}) 11... Qc8 {LiveBook: 65 Games} 12. Na4 Nbd7 13. g4 $146 {The position is equal.} ({Predecessor:} 13. Bb5 Bc4 14. Bxc4 Qxc4 15. Nc3 a4 16. Nd2 Qc6 17. Ndb1 Rfc8 18. Qe2 Ra5 {½-½ (38) Anka,E (2359)-Krstic,P (2315) Bayern 2010}) 13... Ne8 (13... Qc6 $5 14. Nc3 $8 Nb6 $11) 14. Bb5 {And now Bxd7 would win.} Nc7 15. Bxd7 $1 Qxd7 16. Nb6 Qc6 $1 17. Nxa5 Qb5 18. Nxa8 Rxa8 19. Nb3 (19. Qc3 $1 $11 Qxa5 20. Qxa5 Rxa5 21. Bb6 Bg5+ 22. Kb1 Bxa2+ 23. Ka1) 19... d5 $2 (19... Rxa2 $17 20. Qc3 Bc4) 20. Qc3 $16 Bd6 {White should prevent ...d4.} 21. Qd3 (21. a3 $1 $14) 21... Qc6 $1 $11 22. f4 (22. exd5 $11 {keeps the balance.} Bxd5 23. Rhe1) 22... exf4 $17 23. e5 Bxe5 (23... Be7 $1 $17 24. Bxf4 Rxa2) 24. Bd4 $11 Bd6 25. a3 Ra4 ({Much worse is} 25... Bxg4 $6 26. Rdg1 $16) (25... f6 $11) 26. h3 ({White should try} 26. Rhg1 $14) 26... b5 (26... f6 $11) 27. Bc3 $16 Bd7 (27... b4 $142 28. Nd4 Qb7 29. Bxb4 Bxb4 30. axb4 Rxb4) 28. Rhe1 $1 Qb7 (28... b4 $16 29. Nd4 Qb6 30. Bxb4 Bxb4 31. axb4 Qxb4) 29. Bb4 $18 Bxb4 30. axb4 Rxb4 31. Nc5 Qc6 32. Nxd7 Qxd7 33. b3 $1 Qc6 34. Kb2 {[%mdl 1024] White has strong compensation.} g6 $2 (34... Qf6+ {is tougher.} 35. Qc3 Re4) 35. Qc3 $2 (35. c3 $18) 35... Qd6 (35... Qxc3+ $16 {might work better.} 36. Kxc3 Re4) 36. g5 d4 $2 (36... f3 {was called for.} 37. Qxf3 Rh4) 37. Qf3 Nd5 38. Re8+ Kg7 39. Ra1 {Raa8 is the strong threat.} Nc7 40. Re4 $40 {[%mdl 128] White is out for blood.} Ne6 {[#]} 41. Rxe6 $1 {[%mdl 512]} Qxe6 42. Qxf4 {[%mdl 4096] Endgame KQR-KQR} Qc8 {[#] Threatens to win with ...Qc3+.} 43. Rf1 $1 Qc3+ $2 (43... Qf8 {is a better chance.} 44. Rf3 Kg8) 44. Kb1 Qc4 45. Rf3 Qd5 46. Kb2 Kg8 47. Qf6 Rc4 48. bxc4 {White mates.} bxc4 49. Kc1 c3 50. Kd1 d3 51. Rxd3 Qh1+ 52. Ke2 {[%cal Rd3d8]} Qg2+ 53. Ke3 {Precision: White = 62%, Black = 23%.} 1-0

[Event "27th CRO-chT 1B-Men 2018"]
[Site "Biograd"]
[Date "2018.09.22"]
[Round "8.10"]
[White "Mathe, Gaspar"]
[Black "Rogulj, Branko"]
[Result "1/2-1/2"]
[WhiteElo "2308"]
[BlackElo "2404"]
[Annotator "ChessBase"]
[PlyCount "58"]
[EventDate "2018.09.15"]
[EventType "team-tourn"]
[EventCountry "CRO"]
[SourceTitle "playchess.com"]
[Source "ChessBase"]
[SourceQuality "1"]
[TimeControl "40/5400+30:1800+30"]

1. e4 {[%emt 0:00:30]} Nf6 {[%emt 0:00:30]} 2. e5 {[%emt 0:00:30]} Nd5 {[%emt 0:00:00]} 3. d4 {[%emt 0:00:30]} d6 {[%emt 0:00:00]} 4. c4 {[%emt 0:00:30]} Nb6 {[%emt 0:00:00]} 5. exd6 {[%emt 0:00:30]} exd6 {[%emt 0:00:00]} 6. Bd3 {[%emt 0:00:30]} c5 {[%emt 0:02:30]} 7. d5 {[%emt 0:03:30]} Be7 {[%emt 0:00:30]} 8. Nc3 {[%emt 0:05:30]} O-O {[%emt 0:00:30]} 9. h3 {[%emt 0:06:30]} N8d7 {[%emt 0:05:30]} 10. Nf3 {[%emt 0:06:30]} Bf6 {[%emt 0:00:30]} 11. O-O {[%emt 0:02:30]} Ne5 {[%emt 0:00:30]} 12. Nxe5 {[%emt 0:01:30]} Bxe5 {[%emt 0:00:30]} 13. Bd2 {[%emt 0:03:30]} Nd7 {[%emt 0:03:30]} 14. g3 {[%emt 0:10:30]} Re8 {[%emt 0:01:30]} 15. Kg2 {[%emt 0:00:00]} Nf8 {[%emt 0:01:30]} 16. Qc2 {[%emt 0:02:00]} Bd7 {[%emt 0:00:30]} 17. Rae1 {[%emt 0:05:30]} a6 {[%emt 0:00:30]} 18. a4 {[%emt 0:00:00]} Rb8 {[%emt 0:04:30]} 19. f4 {[%emt 0:03:00]} Bd4 {[%emt 0:05:30]} 20. Ne2 {[%emt 0:08:30]} Bf6 {[%emt 0:00:30]} 21. Bc3 {[%emt 0:02:30]} b5 {[%emt 0:01:30]} 22. axb5 {[%emt 0:01:30]} axb5 {[%emt 0:00:30]} 23. b3 {[%emt 0:01:30]} b4 {[%emt 0:05:30]} 24. Bb2 {[%emt 0:01:30]} Ra8 {[%emt 0:03:30]} 25. Ra1 {[%emt 0:03:30]} Qe7 {[%emt 0:01:30]} 26. Ng1 {[%emt 0:04:30]} Bxb2 {[%emt 0:01:30]} 27. Qxb2 {[%emt 0:00:30]} Qe3 {[%emt 0:01:30]} 28. Rf3 {[%emt 0:01:30]} Qe7 {[%emt 0:01:30]} 29. Rff1 {[%emt 0:03:30]} Qe3 {[%emt 0:11:30]} 1/2-1/2

[Event "27th CRO-chT 1B-Men 2018"]
[Site "Biograd"]
[Date "2018.09.22"]
[Round "8.11"]
[White "Vujakovic, Branko"]
[Black "Vrban, Mladen"]
[Result "1/2-1/2"]
[WhiteElo "2340"]
[BlackElo "2280"]
[Annotator "TA"]
[PlyCount "56"]
[EventDate "2018.09.15"]
[EventType "team-tourn"]
[EventCountry "CRO"]
[SourceTitle "playchess.com"]
[Source "ChessBase"]
[SourceQuality "1"]

{[%evp 14,56,24,29,18,0,0,0,8,-19,18,31,25,0,0,0,0,0,0,0,0,0,0,0,0,0,0,0,0,0,0,0,7,5,6,7,7,0,0,0,0,0,0,0,0]} 1. e4 c5 2. Nf3 d6 3. d4 cxd4 4. Nxd4 Nf6 5. Nc3 Nc6 6. Be2 Nxd4 7. Qxd4 g6 8. Bg5 {[#] Hoping for e5.} Bg7 $1 {B58: Classical Sicilian: 6 Be2} 9. Bb5+ Bd7 10. Bxd7+ Qxd7 11. Nd5 {[%cal Rg5f6]} O-O (11... Nh5 $5 {[%cal Rg7d4]} 12. Qd3 e6 $11) 12. Bxf6 exf6 13. Nxf6+ Bxf6 {The position is equal.} 14. Qxf6 Qa4 15. O-O Qxc2 {[#]} 16. Rad1 $146 ({Predecessor:} 16. Qd4 Rfc8 17. b3 a5 18. Qxd6 Qxe4 19. Rae1 Qc6 20. Qf4 Re8 21. h3 h5 22. Rc1 Qe4 {½-½ (22) Sokolov,A (2560)-Mantovani,R (2408) Switzerland 2001}) 16... Qxe4 17. Rxd6 Rae8 18. g3 Qe5 19. Qxe5 Rxe5 $11 {[%mdl 4096] Endgame KRR-KRR} 20. Rd7 Rb5 21. b3 Rc8 22. Rfd1 Kg7 23. R1d3 Rc6 24. Kg2 a5 25. Rf3 Rf6 26. Rxf6 Kxf6 27. Kf3 h5 28. h4 Ke6 {Precision: White = 63%, Black = 82%.} 1/2-1/2

[Event "27th CRO-chT 1B-Men 2018"]
[Site "Biograd"]
[Date "2018.09.22"]
[Round "8.12"]
[White "Matijevic, Hrvoje"]
[Black "Blazeka, Matej"]
[Result "1/2-1/2"]
[WhiteElo "2228"]
[BlackElo "2354"]
[Annotator "ChessBase"]
[PlyCount "34"]
[EventDate "2018.09.15"]
[EventType "team-tourn"]
[EventCountry "CRO"]
[SourceTitle "playchess.com"]
[Source "ChessBase"]
[SourceQuality "1"]
[TimeControl "40/5400+30:1800+30"]

1. d4 {[%emt 0:05:30]} d5 {[%emt 0:00:30]} 2. Nf3 {[%emt 0:01:30]} Nf6 {[%emt 0:00:30]} 3. c4 {[%emt 0:00:30]} c6 {[%emt 0:00:00]} 4. e3 {[%emt 0:06:30]} e6 {[%emt 0:00:00]} 5. b3 {[%emt 0:00:30]} c5 {[%emt 0:04:30]} 6. Bb2 {[%emt 0:20:30]} Nc6 {[%emt 0:01:30]} 7. Nbd2 {[%emt 0:02:30]} cxd4 {[%emt 0:02:30]} 8. Nxd4 {[%emt 0:07:30]} Nxd4 {[%emt 0:12:30]} 9. Bxd4 {[%emt 0:06:30]} Be7 {[%emt 0:01:30]} 10. Be2 {[%emt 0:05:30]} dxc4 {[%emt 0:12:30]} 11. Bxc4 {[%emt 0:02:30]} Bd7 {[%emt 0:02:30]} 12. a4 {[%emt 0:03:30]} O-O {[%emt 0:20:30]} 13. O-O {[%emt 0:00:00]} Bc6 {[%emt 0:02:30]} 14. Nf3 {[%emt 0:03:00]} Bd5 {[%emt 0:00:30]} 15. Rc1 {[%emt 0:01:30]} Bxc4 {[%emt 0:19:54]} 16. Rxc4 {[%emt 0:00:30]} Nd5 {[%emt 0:00:24]} 17. e4 {[%emt 0:03:30]} Nb4 {[%emt 0:02:07]} 1/2-1/2

[Event "27th CRO-chT 1B-Men 2018"]
[Site "Biograd"]
[Date "2018.09.22"]
[Round "8.13"]
[White "Sprenger, Jan Michael"]
[Black "Antunac, Goran"]
[Result "1/2-1/2"]
[WhiteElo "2490"]
[BlackElo "2359"]
[Annotator "TA"]
[PlyCount "35"]
[EventDate "2018.09.15"]
[EventType "team-tourn"]
[EventCountry "CRO"]
[SourceTitle "playchess.com"]
[Source "ChessBase"]
[SourceQuality "1"]

{[%evp 12,35,62,56,87,79,97,74,110,122,120,120,107,95,88,96,89,57,32,-184,-182,-185,-161,-224,-202,-247]} 1. e4 g6 2. d4 Bg7 3. Nf3 d6 4. Bc4 c6 5. O-O d5 6. Bb3 {B06: Modern Defence} dxe4 (6... Bg4 7. Nbd2 e6 8. h3 Bxf3 9. Nxf3 dxe4 10. Ng5 Qxd4 11. Qxd4 Bxd4 12. Nxe4 Be5 13. Nc5 b6 {0-1 (42) Mchedlishvili,M (2632)-Mamedyarov,S (2743) Dubai 2014}) 7. Ng5 {LiveBook: 7 Games} e6 8. Nxe4 {White is better.} Nf6 9. Bg5 h6 10. Nxf6+ Bxf6 11. Bxf6 Qxf6 12. Qd2 $146 ({Predecessor:} 12. Nc3 O-O 13. Qd2 Kg7 {1-0 (25) Seifert,M-Cesal,J Havirov 1971}) 12... Nd7 13. Nc3 Qg7 14. d5 cxd5 15. Nxd5 $2 (15. Bxd5 $14 {keeps the upper hand.} exd5 16. Rfe1+ Kf8 17. Nxd5) 15... exd5 $19 {Black is clearly better.} 16. Rfe1+ Kf8 $1 17. Bxd5 {[#]} (17. Qb4+ {keeps fighting.} Kg8 18. Bxd5) 17... Qf6 $1 ({Not} 17... Qxb2 {[#]} 18. Bxf7 $1 {[%mdl 512]} Qf6 19. Bd5 $15 (19. Be6 $2 Kg7 $19)) 18. Re3 1/2-1/2

[Event "27th CRO-chT 1B-Men 2018"]
[Site "Biograd"]
[Date "2018.09.22"]
[Round "8.14"]
[White "Mufic, Goran"]
[Black "Seyb, Alexander"]
[Result "1/2-1/2"]
[WhiteElo "2254"]
[BlackElo "2388"]
[Annotator "TA"]
[PlyCount "92"]
[EventDate "2018.09.15"]
[EventType "team-tourn"]
[EventCountry "CRO"]
[SourceTitle "playchess.com"]
[Source "ChessBase"]
[SourceQuality "1"]

{[%evp 10,92,10,2,25,21,24,10,6,0,16,4,19,20,12,25,24,14,16,20,17,-32,51,49,54,9,31,32,35,33,54,4,17,16,24,14,8,0,0,-18,-16,-19,-22,-112,-124,-115,-127,-176,-27,-16,0,0,0,-8,-15,-10,-14,-21,0,0,0,0,0,-23,0,0,0,0,0,0,0,0,0,0,0,0,0,0,0,0,0,0,0,0,0]} 1. d4 Nf6 2. Nf3 g6 3. Bg5 Bg7 4. c3 d6 5. Nbd2 Nbd7 6. e3 {LiveBook: 27 Games} b6 {A48: 1 d4 Nf6 2 Nf3 g6: Torre, London and Colle Systems} (6... h6 7. Bh4 g5 8. Bg3 Nh5 9. Bd3 e6 10. Ng1 Nxg3 11. hxg3 Qe7 12. Qf3 Nf6 13. g4 d5 14. Ne2 {0-1 (60) Prohaszka,P (2617)-Saric,I (2678) Bol 2015}) 7. a4 a6 $146 ({Predecessor:} 7... a5 8. Bd3 Bb7 9. O-O O-O 10. Qc2 c5 11. Bb5 Rc8 12. Rfe1 Nb8 13. Qd3 Nc6 14. d5 {1-0 (39) Deuster,H-Voelker,M Doernigheim 1994}) 8. Be2 Bb7 9. O-O h6 10. Bh4 g5 11. Bg3 Nh5 12. Ne1 Nxg3 13. hxg3 e6 14. Bf3 d5 15. e4 O-O (15... g4 $1 $15 16. Bxg4 dxe4) 16. exd5 $14 exd5 17. Nd3 c5 18. dxc5 Nxc5 19. Nb3 Ne4 20. g4 d4 21. Re1 Re8 22. cxd4 Bxd4 23. Rc1 {And now Rc4 would win.} Bg7 24. Rc4 {[%cal Rf3e4]} Nd6 25. Rxe8+ Qxe8 26. Rc7 (26. Bxb7 $1 $11 {keeps the balance.} Nxc4 27. Bxa8 Qxa8 28. Nd2 Nxd2 29. Qxd2) 26... Bxf3 $1 $17 27. Qxf3 Rd8 $1 28. Rc6 {[#]} Nc8 ({Black should play} 28... h5 $1 $19 {[%cal Rh5g4][%mdl 512] aiming for ...hxg4.} 29. Rxb6 (29. gxh5 $2 g4 $19) 29... Nc4) 29. Nbc1 $11 Rd6 30. Rxd6 Nxd6 31. Qd5 Ne4 32. Qc4 a5 33. b3 Nc3 34. Kf1 Bf6 35. Ne1 Qd7 36. Ned3 Kg7 37. Ne2 $1 {[%cal Re2c3] The position is equal.} Nb1 {White must now prevent ...Nd2+.} 38. Kg1 Qe6 39. Qxe6 fxe6 {[%mdl 4096] Endgame KBN-KNN} 40. f3 Nd2 41. Ndc1 Be7 42. Kf2 Bc5+ 43. Ke1 Bb4 {...Nxf3+ is the strong threat.} 44. Kf2 Bc5+ 45. Ke1 Bb4 {Hoping for ...Nxf3+.} 46. Kf2 Bc5+ {Precision: White = 63%, Black = 58%.} 1/2-1/2

[Event "27th CRO-chT 1B-Men 2018"]
[Site "Biograd"]
[Date "2018.09.24"]
[Round "8.15"]
[White "Rade, Miroslav"]
[Black "Ramesa, Davor"]
[Result "1-0"]
[WhiteElo "2395"]
[BlackElo "2303"]
[Annotator "TA"]
[PlyCount "69"]
[EventDate "2018.09.15"]
[EventType "team-tourn"]
[EventCountry "CRO"]
[SourceTitle "playchess.com"]
[Source "ChessBase"]
[SourceQuality "1"]

{[%evp 13,69,28,23,22,33,28,47,30,64,17,27,31,27,25,22,6,0,13,37,36,102,94,97,85,100,50,53,4,46,50,63,68,62,68,67,72,79,76,51,18,160,136,233,224,207,195,283,293,282,277,350,347,1134,1125,29996,29997,29997,29998]} 1. e4 d6 2. d4 Nf6 3. Nc3 g6 4. Nf3 Bg7 5. Be2 O-O 6. O-O a6 7. Re1 Nc6 8. d5 {B08: Pirc Defence: Classical System} Nb8 (8... Na7 9. a4 e6 10. Be3 Re8 11. Bf1 exd5 12. exd5 Bg4 13. h3 Bxf3 14. Qxf3 Nd7 15. Re2 Nc8 {½-½ (62) Fressinet,L (2662)-Aronian,L (2805) Riadh 2017}) 9. a4 e5 10. Nd2 $146 {White is slightly better.} ({Predecessor:} 10. dxe6 Bxe6 11. Nd4 Bd7 12. Bg5 h6 13. Be3 Re8 14. Qd2 Nc6 15. Nxc6 Bxc6 16. Bxh6 {½-½ (16) Somborski,N (2326)-Kopasz,R (2265) Novi Sad 2017}) 10... Ne8 11. Nc4 f5 12. exf5 gxf5 13. f4 Nd7 14. Be3 Nef6 15. Qd2 Qe8 16. fxe5 dxe5 (16... Nxe5 $14 17. Nxe5 dxe5) 17. Bh6 $36 {[%mdl 2048] White is really pushing.} Bxh6 18. Qxh6 Qg6 19. Qxg6+ (19. Qe3 {looks sharper.} Re8 20. d6 c6 21. a5 Nd5 22. Qd2) 19... hxg6 20. a5 Ne8 21. d6 Nxd6 22. Nxd6 cxd6 23. Rad1 Kg7 24. Rxd6 e4 25. Red1 Ne5 26. R1d5 Re8 {[#]} (26... Nc6 $11 {remains equal.}) 27. Rc5 $1 Rb8 (27... Kf7 $16 {was necessary.}) 28. Rc7+ Kh6 29. Nd5 Rf8 (29... Bd7 {keeps fighting.}) 30. Nf4 $18 Rg8 31. Bh5 Kg5 {[#]} 32. g3 $1 {White threatens Rh7 and mate.} gxh5 $2 (32... Kh6 33. Rc5 Nf7 34. Rxg6+ Rxg6) 33. Rh7 h4 34. Kg2 hxg3 35. Kxg3 {Precision: White = 72%, Black = 30%.} 1-0

[Event "27th CRO-chT 1B-Men 2018"]
[Site "Biograd"]
[Date "2018.09.22"]
[Round "8.16"]
[White "Tomulic, Teo"]
[Black "Muha, Miljenko"]
[Result "0-1"]
[WhiteElo "2264"]
[BlackElo "2364"]
[Annotator "TA"]
[PlyCount "140"]
[EventDate "2018.09.15"]
[EventType "team-tourn"]
[EventCountry "CRO"]
[SourceTitle "playchess.com"]
[Source "ChessBase"]
[SourceQuality "1"]

{[%evp 20,140,34,22,48,47,72,62,68,60,58,51,47,12,4,15,42,23,68,44,64,19,37,16,28,0,0,0,16,0,0,0,0,0,0,-4,0,0,0,-5,-6,-18,3,0,0,0,0,-7,-1,-13,-8,-25,-30,-32,-29,-31,-21,-25,-10,-21,-8,-8,0,0,0,0,0,0,0,0,0,0,0,0,0,-24,-22,-19,0,-8,-8,-8,-8,-8,0,-8,-8,-9,0,-8,-9,-218,-193,-295,-183,-852,-784,-859,-852,-1190,-849,-1409,-805,-1295,-841,-791,-628,-382,-218,-1390,-983,-5377,-5089,-29979,-29979,-29979,-29979,-29986,-29987,-29987,-29988,-29987,-29988]} 1. e4 e5 2. Nf3 Nc6 3. Bb5 a6 4. Ba4 Nf6 5. O-O Be7 6. Re1 b5 7. Bb3 O-O 8. c3 d6 9. h3 Nd7 10. d4 {C92: Closed Ruy Lopez: 9...Be6, Karpov and Flohr-Zaitsev Variations} (10. d3 Nb6 11. Be3 Bf6 12. Nbd2 g6 13. Nf1 Bg7 14. d4 Rb8 15. Ng3 a5 16. Bc2 Nc4 17. Bc1 exd4 18. cxd4 {1-0 (39) Vachier Lagrave,M (2794)-Olszewski,M (2551) Germany 2018}) 10... Na5 11. Bc2 {LiveBook: 4 Games} exd4 12. cxd4 {White is slightly better.} Re8 $146 ({Predecessor:} 12... c5 13. Nc3 Nb6 14. Bf4 b4 15. Ne2 Nac4 16. Rb1 a5 17. Ng3 g6 18. e5 dxe5 19. Nxe5 Nxe5 20. dxe5 Qxd1 21. Rbxd1 {½-½ (60) Fandino Reyes,R (2115)-Marrero Lopez,Y (2274) Panama City 2013}) 13. Nc3 Bb7 14. Bf4 Nc4 15. b3 Ncb6 16. Qd3 g6 17. Rad1 b4 18. Ne2 a5 19. Ng3 c5 20. dxc5 Nxc5 21. Qd2 {[%cal Rf4d6]} d5 22. exd5 Nxd5 23. Be5 Bf6 24. Qh6 {[#] Hoping for Ng5!} Rxe5 25. Rxe5 Bxe5 26. Nxe5 Qf8 27. Qh4 {Black should prevent Ne4.} Qe7 28. Qxe7 Nxe7 29. Nc4 f5 30. Ne2 Nd5 31. Nd6 Rd8 32. Nxb7 Nxb7 33. Bd3 Kg7 34. Kf1 Nc5 35. Bc2 Ne6 36. Ke1 Kf6 37. g3 Ke7 38. h4 Rd6 39. h5 Nf6 40. hxg6 Rxd1+ 41. Kxd1 {[#] aiming for gxh7.} hxg6 $11 {[%mdl 4096] Endgame KBN-KNN} 42. Kd2 Kd6 43. Bd3 Ng4 44. f3 Ne5 45. Ke3 Kc5 46. Bb1 Nc7 47. f4 Nd5+ 48. Kd2 $1 Nd7 49. g4 fxg4 50. Bxg6 N7f6 51. Bf5 $1 Nc7 52. Ke3 Nb5 53. Kd3 Nd6 54. Be6 Nde4 55. Ke3 $2 (55. Bc8 $11 {and White has nothing to worry.}) 55... Nc3 $19 56. Nc1 (56. Kd3 $142) 56... Nfd5+ 57. Bxd5 $2 (57. Kf2) 57... Kxd5 {KN-KN} ({Not} 57... Nxd5+ 58. Ke4 $17) 58. f5 Ke5 59. f6 Nd5+ 60. Kf2 Nxf6 61. Nd3+ Kf5 62. Nb2 Ne4+ 63. Ke3 Ng5 (63... Nd6 $142 64. Kf2 Ne4+ 65. Kg2 Nd2) 64. Nc4 $2 (64. Kf2) 64... g3 {[%cal Bg4g3,Bg3g2][%mdl 32]} 65. Nxa5 Kg4 66. Nc6 g2 {Black mates.} 67. Kf2 Kh3 68. Nd4 Kh2 69. Ne2 Ne4+ 70. Ke3 Nc3 {Precision: White = 40%, Black = 55%.} 0-1

[Event "27th CRO-chT 1B-Men 2018"]
[Site "Biograd"]
[Date "2018.09.24"]
[Round "8.17"]
[White "Ivic, Mateo"]
[Black "Safar, Sandro"]
[Result "1/2-1/2"]
[WhiteElo "2223"]
[BlackElo "2214"]
[Annotator "TA"]
[PlyCount "108"]
[EventDate "2018.09.15"]
[EventType "team-tourn"]
[EventCountry "CRO"]
[SourceTitle "playchess.com"]
[Source "ChessBase"]
[SourceQuality "1"]

{[%evp 30,108,54,40,61,44,44,42,49,56,59,49,64,70,58,43,30,13,49,50,45,8,19,-9,-9,-9,-9,-12,-11,-12,-17,-12,-15,-77,-70,-155,-34,-61,0,0,0,0,0,-6,-4,-12,-12,-12,-12,-12,-12,-31,0,-12,-12,-12,-12,-67,-8,-8,-8,-8,0,0,8,8,14,12,14,14,14,14,14,0,14,0,70,14,14,0,14]} 1. e4 c5 2. Nf3 Nc6 3. d4 cxd4 4. Nxd4 g6 5. c4 Bg7 6. Be3 d6 7. Nc3 Nf6 8. Be2 Bd7 9. O-O O-O 10. f3 a5 11. Qd2 Nxd4 12. Bxd4 Bc6 13. b3 Nd7 14. Bf2 Nc5 15. Rab1 Qc7 16. Rfc1 {LiveBook: 13 Games. B38: Sicilian: Maroczy Bind with 5...Bg7 and 7...0-0} b6 (16... Rfc8 17. Bd1 Qd8 18. a3 Nd7 19. Be2 Nc5 20. Bd1 Nd7 21. Ne2 b6 22. Nd4 Bb7 23. Be2 Qf8 {1-0 (62) Kurnosov,I (2663)-Maze,S (2573) Biel 2012}) 17. Rc2 $146 ({Predecessor:} 17. Bd1 Rfc8 18. a3 Qd8 19. b4 axb4 20. axb4 Nd7 21. Bb3 Qf8 22. Be3 Qd8 23. Nd5 Bxd5 24. Qxd5 {1-0 (38) Minzer,C (2400)-Mompo Ballester,V (2243) Mislata 2000}) 17... Be5 18. a3 {White is slightly better.} Rfc8 19. Bd1 Qb7 20. Rcc1 Ne6 21. Be3 Nc7 22. Be2 b5 23. Nd5 Bxd5 (23... Nxd5 {seems wilder.} 24. exd5 Bd7 25. Bd3 b4 26. a4 Re8) 24. cxd5 b4 25. axb4 axb4 26. Bd4 Bxd4+ 27. Qxd4 Ra2 28. Bf1 Na6 29. h4 Rxc1 30. Rxc1 Nc5 31. Bc4 (31. Rc4 $1 $11) 31... Qa7 32. Bf1 {[#]} (32. Kh2 $15) 32... f6 ({Better is} 32... Rd2 $1 $17 {[%cal Rd2d4][%mdl 512]} 33. Ra1 (33. Qxd2 Nxe4+) 33... Rxd4 34. Rxa7 Nxb3 35. Rxe7 Nc5) 33. Rc4 $15 Nxb3 (33... Kg7 $15 34. Rxb4 Qa3) 34. Qxa7 $11 Rxa7 35. Rxb4 $15 {[%mdl 4096] Endgame KRB-KRN} Nc5 36. Rb2 Kf7 37. Kf2 f5 38. exf5 gxf5 39. Rb4 Kf6 40. Rb8 f4 41. g4 fxg3+ 42. Kxg3 Nd7 43. Rd8 (43. Rb1 $11) 43... Ke5 (43... Kg7 $1 $15) 44. Bd3 $11 Nf6 45. Rh8 Kxd5 46. Bxh7 e6 47. Bg6 e5 48. h5 {[%cal Bh4h5,Bh5h6][%mdl 32]} Ke6 49. h6 Ra1 {Threatens to win with ...Rg1+.} 50. Kg2 Ra2+ 51. Kg3 Ra1 {Strongly threatening ...Rg1+.} 52. Kg2 {Black must now prevent h7.} Ra7 (52... Ra2+ $11 53. Kg3 Ra1) 53. Kf2 ({White should play} 53. Rb8 $14) 53... Ra2+ 54. Kg3 {Hoping for h7.} Ra1 {Precision: White = 37%, Black = 48%.} 1/2-1/2

[Event "27th CRO-chT 1B-Men 2018"]
[Site "Biograd"]
[Date "2018.09.22"]
[Round "8.18"]
[White "Horvat, Sasa"]
[Black "Krnic, Ivan"]
[Result "1/2-1/2"]
[WhiteElo "2175"]
[BlackElo "2116"]
[Annotator "TA"]
[PlyCount "127"]
[EventDate "2018.09.15"]
[EventType "team-tourn"]
[EventCountry "CRO"]
[SourceTitle "playchess.com"]
[Source "ChessBase"]
[SourceQuality "1"]

{[%evp 14,127,38,11,46,24,27,0,52,54,52,47,47,45,62,58,71,47,40,27,60,-19,-13,-28,0,0,0,-10,0,-23,0,-2,23,28,45,49,52,13,13,0,0,0,0,-12,0,0,7,2,6,6,12,0,0,10,66,58,85,67,150,138,140,124,143,9,91,91,242,139,129,121,128,101,114,117,139,129,112,91,99,102,107,111,307,302,270,228,243,192,174,162,167,179,194,0,206,24,107,43,35,26,30,0,31,42,34,33,22,-8,0,0,0,-8,0,-9,0,-4]} 1. e4 c5 2. Nf3 e6 3. d4 cxd4 4. Nxd4 a6 5. Be2 Qc7 6. c4 Nf6 7. Nc3 Nc6 8. Nc2 {LiveBook: 12 Games. B41: Sicilian: Kan Variation: 5 c4} (8. O-O Nxd4 9. Qxd4 Bd6 10. g3 O-O 11. Be3 Be5 12. Qd3 Bxc3 13. bxc3 b5 14. c5 Bb7 15. f3 Bc6 16. Qd6 {½-½ (56) Goganov,A (2603)-Svidler,P (2739) St Petersburg 2015}) 8... b6 9. O-O Bb7 10. b3 {White has an edge.} d6 (10... h5 $11) 11. Be3 $14 Be7 12. Rc1 O-O 13. f4 Rad8 14. Bf3 $146 ({Predecessor:} 14. Qe1 Nd7 15. Nd4 Nxd4 16. Bxd4 {1-0 (41) Oliveira,F (2077)-Mendes,R (1928) Juiz de Fora 2015}) 14... Rfe8 15. Kh1 Nd7 16. Qe1 Nc5 {With the idea ...Nd3.} 17. Qg3 (17. Qd2 $14) 17... Bf6 $11 18. Bd2 Nd4 19. Nxd4 Bxd4 20. f5 Kh8 21. Bh5 exf5 22. exf5 Ne4 23. Nxe4 Bxe4 24. Bg5 Rb8 25. Qh4 {White wants to play f6.} Qb7 {[%csl Gb7][%cal Re4g2]} 26. Bf3 f6 27. Bf4 Qc6 28. Rcd1 Bc5 29. Qh5 Re7 30. Bxe4 Rxe4 31. Rd3 Qe8 32. Qxe8+ (32. Qf3 {feels hotter.} Rd8 33. a4 Kg8 34. h3 h5 35. Rdd1) 32... Rbxe8 33. h3 Re1 ({Black should play} 33... Rd8 $11) 34. Rxe1 $14 Rxe1+ {[%mdl 4096] Endgame KRB-KRB} 35. Kh2 g5 (35... Re8 $14) 36. Bxd6 $16 Bg1+ 37. Kg3 h5 38. h4 (38. Kf3 $1 $16) 38... Kg7 (38... g4 $1 $11 {remains equal.}) 39. Bb4 Re4 $2 (39... Rf1 $16) 40. hxg5 ({White must play} 40. Rd7+ $18 Kg8 41. hxg5 Rg4+ 42. Kf3 Rxg5 43. Rd5) 40... fxg5 41. Bc3+ Kf7 {[#]} 42. Bd2 $1 Rg4+ 43. Kf3 Bh2 44. Rd5 Kf6 45. Bc3+ Kf7 {[#] Strongly threatening ...Rg3+.} 46. Bd4 $1 Rf4+ 47. Ke2 g4 $2 (47... Rg4 $16) 48. Be3 $18 Re4 49. Kd3 Re8 50. Bg5 {Hoping for Rd7+.} Re1 51. Rd7+ Kg8 52. Rd8+ Kf7 53. Rd7+ Kg8 $1 54. Kc2 $2 (54. Ra7 $18) 54... Re5 (54... Re2+ $11 55. Rd2 Re5) 55. Rd5 ({Better is} 55. Bf6 $16 Rxf5 56. Bd4) 55... Re2+ $1 $14 56. Rd2 Re5 $1 57. Rd5 {And now Rxe5 would win.} Re2+ $1 58. Kd3 Rxg2 59. f6 Rf2 60. Rd8+ {The position is equal.} Kh7 61. Rd7+ Kg8 62. Rd8+ Kh7 63. Rd7+ Kg8 64. Rd8+ {Precision: White = 44%, Black = 38%.} 1/2-1/2